random verbs i learned in french class (conjugated) - Statistics

General Stats
  • This quiz has been taken 48 times
    39 since last reset
  • The average score is 29 of 44
Answer Stats
English Infinitive Pronouns Conjugated % Correct
Dance Danser il/elle Danse
100%
Dance Danser je Danse
100%
Listen Écouter il/elle Écoute
97%
Listen Écouter je Écoute
97%
Dance Danser ils/elles Dansent
93%
Dance Danser tu Danses
93%
Listen Écouter tu Écoutes
93%
Listen Écouter ils/elles Écoutent
87%
Wait Attendre il/elle Attend
77%
Play Jouer il/elle Joue
73%
Play Jouer je Joue
73%
Watch Regarder il/elle Regarde
73%
Watch Regarder je Regarde
73%
Wait Attendre ils/elles Attendent
70%
Wait Attendre je Attends
70%
Wait Attendre tu Attends
70%
Play Jouer ils/elles Jouent
70%
Play Jouer tu Joues
70%
Watch Regarder ils/elles Regardent
70%
Watch Regarder tu Regardes
70%
Read Lire je Lis
67%
Read Lire tu Lis
67%
Go Aller il/elle Va
67%
Go Aller tu Vas
67%
Know Savoir je sais
63%
Know Savoir tu sais
63%
Go Aller je Vais
63%
Sleep Dormir je Dors
60%
Sleep Dormir tu Dors
60%
Read Lire ils/elles Lisent
60%
Read Lire il/elle Lit
60%
Learn Apprendre il/elle Apprend
57%
Choose Choisir je Choisis
53%
Choose Choisir tu Choisis
53%
Sleep Dormir il/elle Dort
53%
Know Savoir il/elle Sait
53%
Go Aller ils/elles Vont
53%
Learn Apprendre je Apprends
50%
Learn Apprendre tu Apprends
50%
Choose Choisir il/elle Choisit
50%
Sleep Dormir ils/elles Dorment
50%
Choose Choisir ils/elles Choisissent
47%
Know Savoir ils/elles savent
47%
Learn Apprendre ils/elles Apprenent
7%
No matching quizzes found
Score Distribution
Percent of People with Each Score
Percentile by Number Answered
Your Score History
You have not taken this quiz since the last reset